000 00383nam a22001817a 4500
003 SGT
020 _a9788131264355
082 _a612.015
_bB21S
100 _aSatyanarayan, U.
245 _aBiochemistry
250 _a6th
260 _bElsevier
_c2021
300 _a777
650 _aBiochemistry
653 _aBiochemistry
700 _aChakrapani, U.
942 _2ddc
_cBK
_080
999 _c22726
_d22726